| 000 | 00436 a2200157 4500 | ||
|---|---|---|---|
| 020 | _a9788120333710 | ||
| 022 | _a9788120333710 | ||
| 082 | _a658.3001 | ||
| 090 |
_c5888 _d5888 |
||
| 100 | _aCascio,Wayne F. | ||
| 245 |
_aApplied Psychology in Human Resource Management. _bHerman Aguinis. _cWayne F.Cascio. |
||
| 260 |
_aNew Delhi. _bPHI Learning. _c2009. |
||
| 300 | _a588p | ||
| 500 | _aPaper cover | ||
| 942 |
_aNBS _cBK _k658.3001 CAS |
||
| 999 |
_c348284 _d348284 |
||